000 00459nam a2200193Ia 4500
005 20230805102436.0
008 131103s9999 xx 000 0 und d
020 _a330021117
040 _aLoreto College
041 _aEnglish
082 _aF
_bFRA
100 _aFrancis,Dick
245 _aFlying Finish
_cDick Francis
260 _aLondon
_bPan Books Ltd.
_c1966
300 _a223 p.
650 _aFiction in English
850 _aLCLIB
942 _cBK
999 _c14474
_d64953